000 00609nam a22002177a 4500
003 LK-CoMWRAF
005 20230911203319.0
008 230911b2002 |||||||| |||| 00| 0 eng d
020 _a9556250166
040 _aLK-CoMWRAF
_dLK-CoMWRAF
_eLK-CoMWRAF
041 _aeng
082 _a325.21
_bZAC
100 _aZackariya, F.
110 _a Shanmugarathnam, N.
245 _aStepping out :
_bWomen surviving amidst displacement and deprivation
260 _aColombo :
_bMuslim Women's research and action forum,
_c2002
300 _a28p. ; 22cm
650 _aRefugees
650 _aPolitical
942 _cBK
999 _c3541
_d3541